UM Logo
Normal view MARC view
  • Maggan, Marieta B.

Entry Personal Name

Number of records used in: 1

001 - CONTROL NUMBER

  • control field: 61256

003 - CONTROL NUMBER IDENTIFIER

  • control field: OSt

005 - DATE AND TIME OF LATEST TRANSACTION

  • control field: 20240920105441.0

008 - FIXED-LENGTH DATA ELEMENTS

  • fixed length control field: 240920|| aca||aabn | a|a d

040 ## - CATALOGING SOURCE

  • Original cataloging agency: OSt
  • Transcribing agency: OSt

100 ## - HEADING--PERSONAL NAME

  • Personal name: Maggan, Marieta B.
  • Relator term: author.

670 ## - SOURCE DATA FOUND

  • Source citation: Work cat.: (OSt): Maggan, Marieta B. author., The other face of success /, March 2018.